000 00835nam a2200241Ia 4500
003 GCL
008 140319s9999 xx 000 0 ara d
020 _a3585222977
040 _aGCL /
_cGCL
082 0 4 _a323.34
_bب ك
100 1 _aباتاى، فيليب
245 1 0 _aكيف تغير المرأة السياسة ولماذا يقاوم الرجل؟ /
_cباتاى، فيليب
700 1 _aجاسبار، فرانسواز
250 _aالاولى
260 _aالقاهرة :
_bدار العالم الثالث ،
_c2005
300 _a240 ص ؛
_c23 سم
650 0 4 _aالمرأة فى الحياة العامة
650 0 4 _aحقوق المرأة
650 0 4 _aالمرأة فى السياسة
650 0 4 _aالمرأة - الوضع القانونى
650 0 4 _aالنساء - تصويت
942 _2ddc
_cBK
999 _c7583
_d7583